|
|
|
|
| LEADER |
00000nam0a2200000 4500 |
| 001 |
164516 |
| 005 |
20231101222502.0 |
| 010 |
|
|
|a 9785941702527
|
| 035 |
|
|
|a (RuTPU)RU\TPU\book\178474
|
| 090 |
|
|
|a 164516
|
| 100 |
|
|
|a 20090907d2009 k y0rusy50 ca
|
| 101 |
0 |
|
|a rus
|
| 102 |
|
|
|a RU
|
| 105 |
|
|
|a a z 001zy
|
| 200 |
1 |
|
|a Способы и алгоритмы измерения интегральных параметров электрической энергии
|e монография
|f Российский государственный университет инновационных технологий и предпринимательства (РГУИТП) ; авт.-сост. М. В. Чернецов, А. В. Кудашов, В. Д. Михотин
|
| 210 |
|
|
|a Пенза
|c ИИЦ ПГУ
|d 2009
|
| 215 |
|
|
|a 140 с.
|c ил.
|
| 320 |
|
|
|a Библиогр.: с. 133-139.
|
| 330 |
|
|
|a Рассмотрены вопросы теории, методы и алгоритмы построения приборов для измерения интегральных параметров электрической энергии в электрических сетях и системах общего назначения: действующих значений и частоты сетевого напряжения: активной, реактивной и полной мощностей. Значительное внимание уделяется методам моделирования с целью исследования метрологических характеристик, средств измерений и разработке способов минимизации статических и динамических погрешностей измерения. Для инженерно-технических работников, занимающихся разработкой средств измерений и обработкой измерительной информации, а также аспирантов и студентов вузов соответствующих специальностей.
|
| 606 |
1 |
|
|a Электрическая энергия
|x Измерение мощности
|2 stltpush
|3 (RuTPU)RU\TPU\subj\26878
|9 50712
|
| 610 |
1 |
|
|a сетевое напряжение
|
| 610 |
1 |
|
|a интегральные параметры
|
| 610 |
1 |
|
|a измерения
|
| 610 |
1 |
|
|a активная мощность
|
| 610 |
1 |
|
|a реактивная мощность
|
| 610 |
1 |
|
|a полная мощность
|
| 610 |
1 |
|
|a частота
|
| 610 |
1 |
|
|a программное обеспечение
|
| 610 |
1 |
|
|a разработка
|
| 610 |
1 |
|
|a монографии
|
| 675 |
|
|
|a 621.317.38
|v 3
|
| 702 |
|
1 |
|a Чернецов
|b М. В.
|g Михаил Владимирович
|4 220
|4 070
|
| 702 |
|
1 |
|a Кудашов
|b А. В.
|g Александр Викторович
|4 220
|4 070
|
| 702 |
|
1 |
|a Михотин
|b В. Д.
|g Владимир Дмитриевич
|4 220
|4 070
|
| 712 |
0 |
2 |
|a Российский государственный университет инновационных технологий и предпринимательства (РГУИТП)
|c (Москва)
|2 stltpush
|3 (RuTPU)RU\TPU\col\15014
|
| 801 |
|
1 |
|a RU
|b 63413507
|c 20090907
|
| 801 |
|
2 |
|a RU
|b 63413507
|c 20091009
|g RCR
|
| 942 |
|
|
|c BK
|